Principles and practice of cost accounting (Record no. 351671)

000 -LEADER
fixed length control field 00363cam a22001337a 4500
008 - FIXED-LENGTH DATA ELEMENTS--GENERAL INFORMATION
fixed length control field 180718b1979 xxu||||| |||| 00| 0 eng d
082 ## - DEWEY DECIMAL CLASSIFICATION NUMBER
Classification number L86 P886
100 ## - MAIN ENTRY--PERSONAL NAME
Personal name Prasad, N.K.
245 ## - TITLE STATEMENT
Title Principles and practice of cost accounting
Statement of responsibility, etc. by N.K. Prasad
250 ## - EDITION STATEMENT
Edition statement 4th ed.
260 ## - PUBLICATION, DISTRIBUTION, ETC.
Place of publication, distribution, etc. Calcutta
Name of publisher, distributor, etc. Book Syndicate
Date of publication, distribution, etc. 1979
300 ## - PHYSICAL DESCRIPTION
Extent v.p.
650 ## - SUBJECT ADDED ENTRY--TOPICAL TERM
Topical term or geographic name entry element Accounting, Cost
Holdings
Withdrawn status Lost status Damaged status Not for loan Permanent Location Current Location Date acquired Full call number Barcode Date last seen Price effective from Koha item type
        Indian Institute of Public Administration Indian Institute of Public Administration 1993-11-16 L86 P886 56788 2018-07-21 2018-07-21 Book

Powered by Koha